000
00306nam a22001217a 4500
008
180521b xxu||||| |||| 00| 0 eng d
041
_a
eng
080
_a
043.3
100
_a
0
101
_a
MBE-BA
245
_a
Ndikimi i Politikes se Distribuimit ne Afarizmin e Ndermarrjes
_c
Berisha, N
942
_2
udc
_c
BK
999
_c
46128
_d
46128